Responses for Show #6876 - Monday, July 7, 2014

Contestants

[<< previous game]

Justin Nigro, a coalition director originally from Ashtabula, Ohio

Robyn Stone, an actuarial recruiter from Scarsdale, New York

Kay Thanaporn, a health care consultant from Decatur, Georgia (whose 1-day cash winnings total $33,199)

[next game >>]

Jeopardy! Round responses

POP GOES THE WORLD
WHATCHU TALKIN' 'BOUT, WALLACE?
NAME THE AUTOMAKER
TATER TOTS
SOMETHING'S WRONG WITH THIS GUY
WHO KNOWS "C‑P‑R"?
(Alex: Those three letters are coming up in that order in each correct response.)
    $200 21
ABBA

Justin
    $200 26
George Wallace

Kay
    $200 16
Toyota

Kay
    $200 11
french fries

Justin
    $200 1
the heart

Justin
    $200 6
a carpenter

Kay
    $400 22
Alanis Morrisette

Kay
    $400 27
Mike Wallace

Justin
    $400 17
Dodge

Justin
    $400 12
potato chips

Robyn
    $400 2
asthma

Robyn
    $400 7
compadre

Triple Stumper
    $600 23
Franz Ferdinand

Kay
    $600 28
William Wallace

Kay
    $600 18
Honda

Kay
    $600 13
latkes

Robyn
    $600 3
shock

Justin
    $600 8
a catnapper

Robyn
    $800 24
Sinead O'Connor

Kay
    $800 29
David Foster Wallace

Triple Stumper
    $800 19
Porsche

Kay
    $800 14
(Robyn: What is potato salad?)
(Alex: N--)
(Robyn: What is [*]?)

German potato salad

Robyn
    $800 4
a tracheotomy

Justin
    $1,000 9
(Alex: Robyn?)
(Robyn: Ummm... oh!)

cryptography

Robyn
    $1000 25
Sérgio Mendes

Kay
    $1000 30
Henry Wallace

Triple Stumper
    $1000 20
Pontiac

Justin
    $1000 15
(Robyn: What is kreplach?)
(Justin: What is matzo?)
[Robyn was initially ruled incorrect. After the break, the judges ruled Robyn's response correct, so Justin's incorrect response no longer counted.]

knish (kreplach accepted)

Robyn
    $1000 5
resuscitate

Justin
    $1000 10
a chaparral

Triple Stumper

Scores at the first commercial break (after clue 15):

Kay Robyn Justin
$200 $2,800 $2,800

Scores at the end of the Jeopardy! Round:

Kay Robyn Justin
$5,400 $2,800 $4,800

Double Jeopardy! Round responses

CHINESE HISTORY
RHYME TIME
THAT TICKLES!
THE AUTHOR WRITES
THE MOVIES
BURGS
    $400 26
Canal

Justin
    $400 1
a rich witch

Robyn
    $400 18
Tickle Me Elmo

Justin
    $400 13
Tolkien

Justin
    $400 11
Ginger Rogers

Kay
    $400 6
St. Petersburg

Kay
    $400 27
(Alex: I know, you wish you had wagered more.)

the Great Wall of China

Justin
    $800 2
a annual manual

Justin
    $800 19
tickling the ivories

Robyn
    $800 14
(Rudyard) Kipling

Kay
    $800 12
Hook

Justin
    $800 7
Harrisburg

Justin
    $1200 28
the Boxer Rebellion

Justin
    $1200 3
a fake snake

Robyn
    $1200 20
titanium

Kay
    $1200 15
(James Fenimore) Cooper

Robyn
    $1200 23
(Kay: What is Final Destination?)

Paranormal Activity

Kay
Triple Stumper
    $1200 8
Williamsburg

Robyn
    $1600 29
the Yellow Emperor

Kay
    $1600 4
a sinister minister

Triple Stumper
    $1600 21
Moonshiners

Triple Stumper
    $1600 16
(Alex: Dr. No--[*].)

Ian Fleming

Triple Stumper
    $1600 24
(Alfonso) Cuarón

Robyn
    $1600 9
Hamburg

Triple Stumper
    $2000 30
(Alex: By Sun Tzu.)

The Art of War

Kay
    $2000 5
a sluice truce (a truce sluice accepted)

Justin
    $2000 22
Newfoundland

Justin
    $2,000 17
(Robyn: What is Ulysses?)
(Alex: No. We're going for the author.)
(Robyn: Oh! Who is [*]?)
(Alex: Thank you, yes, but too late. Sorry.)

James Joyce

Robyn
    $2000 25
The Fortune Cookie

Robyn
    $2000 10
Johannesburg

Robyn

Scores at the end of the Double Jeopardy! Round:

Kay Robyn Justin
$10,600 $11,200 $14,000

[wagering suggestions for these scores]

Final Jeopardy! Round responses

GOVERNMENT
KayWhat is the Consumer Protection Agency?
$10,000
RobynWhat is the Dept. of the Treasury
$7,300
JustinWhat is the Consumer Financial Protection Bureau?
$8,401
the Secret Service

Final scores:

Kay Robyn Justin
$600 $3,900 $5,599
3rd place: $1,000 2nd place: $2,000 New champion: $5,599

Game dynamics:

Coryat scores:

Kay Robyn Justin
$10,600 $14,200 $14,400
16 R,
1 W
14 R,
2 W
(including 2 DDs)
19 R
(including 1 DD),
0 W

Combined Coryat: $39,200

[game clues] [game scores] [suggest correction]

Game tape date: 2014-03-18
The J! Archive is created by fans, for fans. Scraping, republication, monetization, and malicious use prohibited; this site may use cookies and collect identifying information. See terms. The Jeopardy! game show and all elements thereof, including but not limited to copyright and trademark thereto, are the property of Jeopardy Productions, Inc. and are protected under law. This website is not affiliated with, sponsored by, or operated by Jeopardy Productions, Inc. Join the discussion at JBoard.tv.